000 00394nam a22001457a 4500
003 OSt
005 20221110185117.0
008 221006b |||||||| |||| 00| 0 eng d
040 _cBiblioteca Lado V
082 _a708
_bL989r
100 _9211
_aLynn, Victoria
_emontaje
245 _aRegarding Fear and Hope/
300 _c17x17cm
_a275p.
942 _2ddc
_c1
_h708
_iL989r
_n0
999 _c2571
_d2571